Préfectures et sous-préfectures en Provence-Alpes-Côte-d'Azur - Statistiques

Statistiques générales
  • Ce quiz a été pris 28 fois
  • Le résultat moyen est 13 sur 18
Statistiques - réponses
Hint Réponse % Correct
Vaucluse - Préfecture Avignon
100%
Hautes-Alpes - Préfecture Gap
100%
Alpes Maritimes - Préfecture Nice
100%
Var - Préfecture Toulon
100%
Bouches-du-Rhône - Préfecture Marseille
95%
Alpes de Haute-Provence - Préfecture Digne-les-Bains
91%
Bouches-du-Rhône Arles
86%
Bouches-du-Rhône Aix-en-Provence
82%
Var Draguignan
77%
Alpes Maritimes Grasse
73%
Hautes-Alpes Briançon
68%
Vaucluse Carpentras
68%
Bouches-du-Rhône Istres
68%
Vaucluse Apt
55%
Alpes de Haute-Provence Barcelonnette
55%
Alpes de Haute-Provence Forcalquier
45%
Var Brignoles
41%
Alpes de Haute-Provence Castellane
36%
Aucun quiz correspondant
Distribution des résultats
% des personnes avec chaque résultat
Percentile par nombre de réponses
Votre historique - résultats
Vous n’avez pas pris ce quiz